A coding system for building maintenance (Record no. 94374)

MARC details
000 -LEADER
fixed length control field 00574cam a2200229 4500
001 - CONTROL NUMBER
control field D5644
008 - FIXED-LENGTH DATA ELEMENTS--GENERAL INFORMATION
fixed length control field 090401t1985 xxu||||| |||| 00| 0 eng d
035 ## - SYSTEM CONTROL NUMBER
System control number (Sirsi) u62149
041 ## - LANGUAGE CODE
Language code of text/sound track or separate title eng
050 ## - LIBRARY OF CONGRESS CALL NUMBER
Classification number 690.24
100 ## - MAIN ENTRY--PERSONAL NAME
Personal name Holmes, R.
245 #2 - TITLE STATEMENT
Title A coding system for building maintenance
260 ## - PUBLICATION, DISTRIBUTION, ETC.
Place of publication, distribution, etc. Ascot, Berks
Name of publisher, distributor, etc. Chartered Institute of Building
Date of publication, distribution, etc. 1985
300 ## - PHYSICAL DESCRIPTION
Extent 25p. 30cm
350 ## - PRICE (NR) (BK AM CF MU VM SE) [OBSOLETE]
Price 0
490 ## - SERIES STATEMENT
Series statement Technical Information Service
Volume/sequential designation 47
520 ## - SUMMARY, ETC.
Summary, etc. Caption title
700 ## - ADDED ENTRY--PERSONAL NAME
Personal name Droop, C.
700 ## - ADDED ENTRY--PERSONAL NAME
Personal name Mellor, P.
942 ## - ADDED ENTRY ELEMENTS (KOHA)
Suppress in OPAC 0
948 ## - LOCAL PROCESSING INFORMATION (OCLC); SERIES PART DESIGNATOR (RLIN)
c (OCLC) 04/03/1997
Holdings
Withdrawn status Lost status Source of classification or shelving scheme Damaged status Not for loan Home library Current library Shelving location Date acquired Total Checkouts Full call number Barcode Date last seen Copy number Price effective from Koha item type
    Other/Generic Classification Scheme     London London Enquiry desk 07/12/1992   BOXED SET 30030975 06/08/2019 1 06/08/2019 Book